|
|
|
|
| LEADER |
00782nab a2200217 i 4500 |
| 001 |
publ11895 |
| 005 |
20191126151313.0 |
| 008 |
170905s2017 hu o 0|| zxx d |
| 022 |
|
|
|a 0236-5294
|
| 024 |
7 |
|
|a 10.1007/s10474-017-0709-3
|2 doi
|
| 024 |
7 |
|
|a 3262195
|2 mtmt
|
| 040 |
|
|
|a SZTE Publicatio Repozitórium
|b hun
|
| 041 |
|
|
|a zxx
|
| 100 |
1 |
|
|a Totik Vilmos
|
| 245 |
1 |
0 |
|a Sharp constants in asymptotic higher order Markov inequalities
|h [elektronikus dokumentum] /
|c Totik Vilmos
|
| 260 |
|
|
|c 2017
|
| 300 |
|
|
|a 227-242
|
| 490 |
0 |
|
|a Acta Mathematica Hungarica
|v 152 No. 1
|
| 700 |
0 |
1 |
|a Zhou Yuan
|e aut
|
| 856 |
4 |
0 |
|u http://publicatio.bibl.u-szeged.hu/11895/1/markov130.pdf
|z Dokumentum-elérés
|
| 856 |
4 |
0 |
|u http://publicatio.bibl.u-szeged.hu/11895/7/acta_math_152_1.pdf
|z Dokumentum-elérés
|